History of the british empire in India and the east (v.2)/ (Record no. 163228)

000 -LEADER
fixed length control field 00276nam a22001097a 4500
082 ## - DEWEY DECIMAL CLASSIFICATION NUMBER
Classification number
Item number
100 ## - MAIN ENTRY--PERSONAL NAME
Personal name Nolan E H
245 ## - TITLE STATEMENT
Title History of the british empire in India and the east (v.2)/
Statement of responsibility, etc. by Nolan E H.
260 ## - PUBLICATION, DISTRIBUTION, ETC.
Place of publication, distribution, etc. New Delhi:
Name of publisher, distributor, etc. Discover,
Date of publication, distribution, etc. 1987.
650 ## - SUBJECT ADDED ENTRY--TOPICAL TERM
Topical term or geographic name entry element
942 ## - ADDED ENTRY ELEMENTS (KOHA)
Koha item type Book
Holdings
Withdrawn status Lost status Damaged status Not for loan Permanent Location Current Location Shelving location Date acquired Cost, normal purchase price Total Checkouts Barcode Date last seen Price effective from Koha item type
        RC Thiruvananthapuram RC Thiruvananthapuram   17.10.2018 2000.00   TV013362 17.10.2018 17.10.2018 Book
        RC Thiruvananthapuram RC Thiruvananthapuram   17.10.2018 2000.00   TV013363 17.10.2018 17.10.2018 Book